Statistics for NFL Passing Leaders Since 2010

Click here to take the quiz!

General Stats

  • This quiz has been taken 31 times
  • The average score is 11 of 14

Answer Stats

HintAnswer% Correct
2017Tom Brady
100%
2021Tom Brady
100%
2022Patrick Mahomes
93%
2023Patrick Mahomes
93%
2013Peyton Manning
89%
2014Ben Roethlisberger and Drew Brees
85%
2011Drew Brees
85%
2012Drew Brees
85%
2015Drew Brees
85%
2016Drew Brees
85%
2018Ben Roethlisberger
74%
2010Phillip Rivers
59%
2020Deshaun Watson
52%
2019Jameis Winston
48%

Score Distribution

Percentile by Number Answered

Percent of People with Each Score

Your Score History

You have not taken this quiz